<?xml version="1.0" encoding="UTF-8"?>
<record
    xmlns:xsi="http://www.w3.org/2001/XMLSchema-instance"
    xsi:schemaLocation="http://www.loc.gov/MARC21/slim http://www.loc.gov/standards/marcxml/schema/MARC21slim.xsd"
    xmlns="http://www.loc.gov/MARC21/slim">

  <leader>01177nam a2200349Ia 4500</leader>
  <controlfield tag="001">dia_2142</controlfield>
  <controlfield tag="003">CHAP</controlfield>
  <controlfield tag="005">20251023164217.0</controlfield>
  <controlfield tag="008">220117s1991    xx            000 0 und d</controlfield>
  <datafield tag="010" ind1=" " ind2=" ">
    <subfield code="a">172683</subfield>
  </datafield>
  <datafield tag="020" ind1=" " ind2=" ">
    <subfield code="a">84-200-0715-3</subfield>
  </datafield>
  <datafield tag="040" ind1=" " ind2=" ">
    <subfield code="c">CHAP</subfield>
  </datafield>
  <datafield tag="082" ind1=" " ind2=" ">
    <subfield code="a">637.1 S67 1991</subfield>
  </datafield>
  <datafield tag="100" ind1=" " ind2=" ">
    <subfield code="a">Spreer, Edgar</subfield>
    <subfield code="9">109276</subfield>
  </datafield>
  <datafield tag="245" ind1=" " ind2=" ">
    <subfield code="a">Lactolog&#xED;a industrial : leche preparaci&#xF3;n y elaboraci&#xF3;n, m&#xE1;quinas, instalaciones y aparatos, productos l&#xE1;cteos /</subfield>
    <subfield code="c"> Edgar Spreer ; traducci&#xF3;n Oscar Dignoes Torres-Quevedo</subfield>
  </datafield>
  <datafield tag="250" ind1=" " ind2=" ">
    <subfield code="a">2a ed.</subfield>
  </datafield>
  <datafield tag="260" ind1=" " ind2=" ">
    <subfield code="a">Espa&#xF1;a  :</subfield>
    <subfield code="b"> Acribia,</subfield>
    <subfield code="c">1991</subfield>
  </datafield>
  <datafield tag="300" ind1=" " ind2=" ">
    <subfield code="a">xv, 617 p.</subfield>
  </datafield>
  <datafield tag="500" ind1=" " ind2=" ">
    <subfield code="a">T&#xED;tulo original: Technologie der Melchverarbeitung \ El ej. 2 es material fotocopiado</subfield>
  </datafield>
  <datafield tag="503" ind1=" " ind2=" ">
    <subfield code="a">I. 167085</subfield>
  </datafield>
  <datafield tag="504" ind1=" " ind2=" ">
    <subfield code="a">Bibliograf&#xED;a: p. 608</subfield>
  </datafield>
  <datafield tag="590" ind1=" " ind2=" ">
    <subfield code="a">SF259 S67 1991</subfield>
  </datafield>
  <datafield tag="650" ind1=" " ind2=" ">
    <subfield code="a">Dairy industry  </subfield>
    <subfield code="9">147323</subfield>
  </datafield>
  <datafield tag="650" ind1=" " ind2=" ">
    <subfield code="a">Dairy products</subfield>
    <subfield code="9">147672</subfield>
  </datafield>
  <datafield tag="650" ind1=" " ind2=" ">
    <subfield code="a">Industria lechera  </subfield>
    <subfield code="9">57819</subfield>
  </datafield>
  <datafield tag="650" ind1=" " ind2=" ">
    <subfield code="a">Productos l&#xE1;cteos  </subfield>
    <subfield code="9">92124</subfield>
  </datafield>
  <datafield tag="700" ind1=" " ind2=" ">
    <subfield code="a">Dignoes Torres-Quevedo, &#xD3;scar</subfield>
    <subfield code="9">149495</subfield>
  </datafield>
  <datafield tag="901" ind1=" " ind2=" ">
    <subfield code="a">637.1 S67 1991</subfield>
  </datafield>
  <datafield tag="902" ind1=" " ind2=" ">
    <subfield code="a">M</subfield>
  </datafield>
  <datafield tag="905" ind1=" " ind2=" ">
    <subfield code="a">5232271991                          SP aimn8222223322SPA16</subfield>
  </datafield>
  <datafield tag="942" ind1=" " ind2=" ">
    <subfield code="c">LIBRO</subfield>
    <subfield code="2">ddc</subfield>
  </datafield>
  <datafield tag="999" ind1=" " ind2=" ">
    <subfield code="c">172683</subfield>
    <subfield code="d">172683</subfield>
  </datafield>
  <datafield tag="952" ind1=" " ind2=" ">
    <subfield code="0">0</subfield>
    <subfield code="1">0</subfield>
    <subfield code="2">ddc</subfield>
    <subfield code="4">0</subfield>
    <subfield code="7">0</subfield>
    <subfield code="8">GRAL</subfield>
    <subfield code="a">IA_</subfield>
    <subfield code="b">IA_</subfield>
    <subfield code="c">1</subfield>
    <subfield code="d">2022-01-18</subfield>
    <subfield code="f">1</subfield>
    <subfield code="l">1</subfield>
    <subfield code="p">dia_003982</subfield>
    <subfield code="r">2024-04-15 00:00:00</subfield>
    <subfield code="s">2024-04-08</subfield>
    <subfield code="t">2</subfield>
    <subfield code="w">2022-01-18</subfield>
    <subfield code="y">LIBRO</subfield>
  </datafield>
  <datafield tag="952" ind1=" " ind2=" ">
    <subfield code="0">0</subfield>
    <subfield code="1">0</subfield>
    <subfield code="2">ddc</subfield>
    <subfield code="4">0</subfield>
    <subfield code="5">1</subfield>
    <subfield code="7">0</subfield>
    <subfield code="8">GRAL</subfield>
    <subfield code="a">IA_</subfield>
    <subfield code="b">IA_</subfield>
    <subfield code="d">1993-10-06</subfield>
    <subfield code="e">Compra Librer&#xED;a patena F. 239, 7285, 10200 / (06/10/93)</subfield>
    <subfield code="f">1</subfield>
    <subfield code="g">269.00</subfield>
    <subfield code="i">167085</subfield>
    <subfield code="l">3</subfield>
    <subfield code="o">637.1 S67 1991</subfield>
    <subfield code="p">dia_003641</subfield>
    <subfield code="r">2025-05-12 19:44:06</subfield>
    <subfield code="s">2025-05-12</subfield>
    <subfield code="t">1</subfield>
    <subfield code="y">LIBRO</subfield>
  </datafield>
</record>
